|
|
|
|
| LEADER |
01403nam a22003614a 4500 |
| 001 |
EBC293852 |
| 003 |
MiAaPQ |
| 005 |
20200520144314.0 |
| 006 |
m o d | |
| 007 |
cr cn||||||||| |
| 008 |
000605s2000 enkab sbs 001 0 eng |
| 010 |
|
|
|z 00044466
|
| 020 |
|
|
|z 0851994997
|
| 035 |
|
|
|a (MiAaPQ)EBC293852
|
| 035 |
|
|
|a (Au-PeEL)EBL293852
|
| 035 |
|
|
|a (CaPaEBR)ebr10073627
|
| 035 |
|
|
|a (CaONFJC)MIL82904
|
| 035 |
|
|
|a (OCoLC)476055756
|
| 040 |
|
|
|a MiAaPQ
|c MiAaPQ
|d MiAaPQ
|
| 050 |
|
4 |
|a HD5710.85.E86
|b E47 2000
|
| 082 |
0 |
4 |
|a 331.1/094/091734
|2 21
|
| 245 |
0 |
0 |
|a Employment dynamics in rural Europe
|h [electronic resource] /
|c edited by Ida J. Terluin and Jaap H. Post.
|
| 260 |
|
|
|a Wallingford, Oxon ;
|a New York :
|b CABI,
|c c2000.
|
| 300 |
|
|
|a ix, 243 p. :
|b ill., maps.
|
| 504 |
|
|
|a Includes bibliographical references and index.
|
| 533 |
|
|
|a Electronic reproduction. Ann Arbor, MI : ProQuest, 2015. Available via World Wide Web. Access may be limited to ProQuest affiliated libraries.
|
| 650 |
|
0 |
|a Manpower policy, Rural
|z European Economic Community countries
|v Case studies.
|
| 651 |
|
0 |
|a European Economic Community countries
|x Economic conditions.
|
| 655 |
|
4 |
|a Electronic books.
|
| 700 |
1 |
|
|a Terluin, Ida J.
|
| 700 |
1 |
|
|a Post, Jaap H.
|
| 710 |
2 |
|
|a ProQuest (Firm)
|
| 856 |
4 |
0 |
|u https://ebookcentral.proquest.com/lib/matrademy/detail.action?docID=293852
|z Click to View
|